000 00342nam a2200133 a 4500
005 20140412111427.0
008 090711s19uu xx 00 eng d
050 _aER
_bGr75 2002
245 _aGrandparents are great.
260 _aU.S.A :
_bThe Clever factory,
_c2002.
300 _a1v. unp.
440 _aValues & lessons
999 _c106264
_d106264